[Event "Edmonton April Sect op"]
[Site "Edmonton"]
[Date "2005.04.03"]
[Round "2"]
[White "Frewin, Steve"]
[Black "Beebe, Greg"]
[Result "1-0"]
[WhiteElo "1622"]
[BlackElo "1677"]
[PlyCount "47"]
[EventDate "2005.04.02"]
[EventType "swiss"]
[EventRounds "5"]
[EventCountry "CAN"]
[SourceTitle "EXT 2007"]
[Source "ChessBase"]
[SourceDate "2006.11.23"]
[SourceVersion "1"]
[SourceVersionDate "2006.11.23"]
[SourceQuality "1"]

1. e4 c5 2. Nf3 d6 3. d4 cxd4 4. Nxd4 Nf6 5. Nc3 a6 6. Bc4 e6 7. Bb3 Be7 8. f4 Nc6 9. f5 Nxd4 10. Qxd4 exf5 11. exf5 Bxf5 12. Nd5 0-0 13. 0-0 Nxd5 14. Rxf5 Nf6 15. Bg5 h6 16. Bh4 Rc8 17. Raf1 Rc5 18. R5f3 Qc7 19. c3 d5 20. Rxf6 Bxf6 21. Rxf6 gxf6 22. Qg4+ Kh7 23. Bc2+ f5 24. Bxf5+ 1-0